| 000 | 00553nam a2200181 i 4500 | ||
|---|---|---|---|
| 001 | 78872 | ||
| 003 | ES-MaACL | ||
| 005 | 20230906173836.0 | ||
| 007 | t| | ||
| 008 | 041018s1971 sp ||||1| spa d | ||
| 100 | 1 |
_aHeidegger, Martin. _962337 |
|
| 245 | 1 | 0 |
_aMartin Heidegger al habla / _crecopilación de Richard Wisesz ; traducción por Eloy Requena. |
| 260 |
_aMadrid : _bStudium, _c[1971] |
||
| 300 |
_a80 p., 4 lám. ; _c19 cm. |
||
| 700 | 1 |
_aWisesz, Richard. _9117150 |
|
| 700 | 1 |
_aRequena, Eloy. _996289 |
|
| 852 |
_aES-MaACL _jC-49681 _bR.80201 |
||
| 999 |
_c78872 _d78872 |
||